Clubes Campeones del Mundo - Estadísticas

Estadísticas generales
  • Esta prueba ha sido intentada 60 veces
    43 desde el último reinicio
  • La puntuación promedio es 49 de 65
Estadísticas de respuestas
Año Formato Club % Correcto
2023 Copa Mundial de Clubes Manchester City
97%
2009 Copa Mundial de Clubes Barcelona
94%
2011 Copa Mundial de Clubes Barcelona
94%
2015 Copa Mundial de Clubes Barcelona
94%
2021 Copa Mundial de Clubes Chelsea
94%
2025 Mundial de Clubes Chelsea
94%
1999 Intercontinental Manchester United
94%
2008 Copa Mundial de Clubes Manchester United
94%
1960 Intercontinental Real Madrid
94%
1998 Intercontinental Real Madrid
94%
2002 Intercontinental Real Madrid
94%
2014 Copa Mundial de Clubes Real Madrid
94%
2016 Copa Mundial de Clubes Real Madrid
94%
2017 Copa Mundial de Clubes Real Madrid
94%
2018 Copa Mundial de Clubes Real Madrid
94%
2022 Copa Mundial de Clubes Real Madrid
94%
2024 Copa Mundial de Clubes Real Madrid
94%
2000 Intercontinental Boca
91%
2003 Intercontinental Boca
91%
1977 Intercontinental Boca
91%
2019 Copa Mundial de Clubes Liverpool
91%
1986 Intercontinental River Plate
91%
1981 Intercontinental Flamengo
86%
1964 Intercontinental Inter
86%
1965 Intercontinental Inter
86%
2010 Copa Mundial de Clubes Inter
86%
1976 Intercontinental Bayern Munich
83%
2001 Intercontinental Bayern Munich
83%
2013 Copa Mundial de Clubes Bayern Munich
83%
2020 Copa Mundial de Clubes Bayern Munich
83%
1985 Intercontinental Juventus
83%
1996 Intercontinental Juventus
83%
1969 Intercontinental Milan
83%
1989 Intercontinental Milan
83%
1990 Intercontinental Milan
83%
2007 Copa Mundial de Clubes Milan
83%
1987 Intercontinental Porto
69%
2004 Intercontinental Porto
69%
1972 Intercontinental Ajax
66%
1995 Intercontinental Ajax
66%
1962 Intercontinental Santos
66%
1963 Intercontinental Santos
66%
2000 Intercontinental Corinthians
63%
2012 Copa Mundial de Clubes Corinthians
63%
1961 Intercontinental Peñarol
63%
1966 Intercontinental Peñarol
63%
1982 Intercontinental Peñarol
63%
1992 Intercontinental Sao Paulo
63%
1993 Intercontinental Sao Paulo
63%
2005 Copa Mundial de Clubes Sao Paulo
63%
1967 Intercontinental Racing
60%
1971 Intercontinental Nacional
57%
1980 Intercontinental Nacional
57%
1988 Intercontinental Nacional
57%
1973 Intercontinental Independiente
54%
1984 Intercontinental Independiente
54%
1974 Intercontinental Atletico de Madrid
51%
1997 Intercontinental Borussia Dortmund
51%
1991 Intercontinental Estrella Roja
51%
1968 Intercontinental Estudiantes
49%
1983 Intercontinental Gremio
46%
1970 Intercontinental Feyenoord
40%
1979 Intercontinental Olimpia
37%
1994 Intercontinental Velez Sarsfield
37%
2006 Copa Mundial de Clubes Internacional
29%
No se encontraron pruebas coincidentes
Distribución de puntuación
Porcentaje de gente con cada puntuación
Porcentaje por número respondido
Historial de tus puntuaciones
No has intentado esta prueba desde el último reinicio